000 01482cam a2200361Li 4500
001 91301
005 20230411090049.0
008 010209s1997 dcu 000 0 eng d
035 _a(OCoLC)ocn468603571
040 _aBDF
_bfre
_cBDF
016 7 _aFRBNF375703780000004
_2FrPBN
020 _a0874748216 (br)
020 _a9780874748215 (br)
035 _a(OCoLC)468603571
082 1 _a709.607 4
_222
049 _aGRAL
100 1 _aSieber, Roy.
_4aut
245 1 0 _aAfrican art in the cycle of life /
_cRoy Sieber and Roslyn Adele Walker ; [exhibition org. by] national museum of African art.
260 _aWashington :
_bD.C. :
_bpubl. for the national museum of African art by the Smithsonian institution press,
_ccop. 1997.
300 _a155 p. :
_bill. ;
_c29 cm.
500 _aBibliogr. p. 149-155.
650 7 _aArt primitif
_zAfrique
_xCatalogues d'exposition.
_2ram
650 7 _aSculpture
_zAfrique
_xCatalogues d'exposition.
_2ram
650 7 _aArt
_xAspect social
_zAfrique
_xCatalogues d'exposition.
_2ram
655 4 _aExposition
_zWashington, D.C.
_y1987-09-28
_y1988-03-20.
700 1 _aWalker, Roslyn Adele.
_4aut
710 2 _aNational museum of African art (Washington, DC)
_4edt
856 4 2 _3Notice et cote du catalogue de la Bibliotháeque nationale de France
_uhttp://catalogue.bnf.fr/ark:/12148/cb37570378d
886 1 _2intermrc
_a009
_bax-d---------------
886 2 _2intermrc
_a917
_b--
_oGEA
_a006796675
942 _2lcc
_cbk
994 _aC0
_bDRFGD
999 _c111845
_d111845